|
|
|
|
| LEADER |
00996nam a2200217 a 4500 |
| 001 |
2781559 |
| 008 |
120216s1996 ii b 00100 eng d |
| 020 |
|
|
|a 8171110584
|
| 040 |
|
|
|a ANL
|c ANL
|d BD-DhAAL
|
| 082 |
0 |
4 |
|a 343.54071
|2 20
|
| 245 |
0 |
0 |
|a Commentaries on the Consumer Protection Act, 1986 :
|b being a commentaries on the Consumer Protection Act, and the Consumer Protection Rules ... alongwith topical survey of latest cases /
|c compiled under the guidance of Shri S. Malik.
|
| 250 |
|
|
|a 2nd ed.
|
| 260 |
|
|
|a Allahabad, India :
|b Law Publishers (India),
|c 1996.
|
| 300 |
|
|
|a cxcvi, 898 p. ;
|c 25 cm.
|
| 504 |
|
|
|a Includes bibliographical references and index.
|
| 541 |
|
|
|e 00024528
|
| 650 |
|
0 |
|a Consumer protection
|x Law and legislation
|z India.
|
| 700 |
1 |
|
|a Malik, Shri S.
|
| 852 |
1 |
|
|a Ayesha Abed Library
|c General shelf.
|
| 999 |
|
|
|c 11904
|d 11904
|
| 952 |
|
|
|0 0
|1 0
|2 ddc
|4 0
|6 343_540710000000000_COM
|7 0
|9 19460
|a BRACUL
|b BRACUL
|c GEN
|d 2012-02-20
|l 0
|o 343.54071 COM
|p 3010024528
|r 2012-02-20
|t 1
|w 2012-02-20
|y BK
|